Estadística básica del sistema educativo nacional, 1970-1971.

محفوظ في:
التفاصيل البيبلوغرافية
مؤلف مشترك: México. Presidencia de la República Secretaría de Educación Pública
التنسيق: كتاب
اللغة:الإسبانية
سلاسل:(D.G.P.E. ; no. 6)
الموضوعات:
الوسوم: إضافة وسم
لا توجد وسوم, كن أول من يضع وسما على هذه التسجيلة!

MARC

LEADER 00000cam^a2200000uu^4500
001 000490828
005 20250521000000.0
008 050901s1972^^^^^^^^^^^^rd^r^^000^0^spa^d
009 20260310125404.459
035 |a FCE 000034044 
035 |a FCE 002089 
037 |a Acervo ITESO - Biblioteca 
041 |a spa 
082 0 4 |a 379.963  |b M378 v.6 
110 |a México. Presidencia de la República  |b Secretaría de Educación Pública 
245 1 0 |a Estadística básica del sistema educativo nacional, 1970-1971. 
264 |a México :  |b SEP : DGPE,  |c [1972?]. 
300 |a v. 6 
336 |a texto  |b txt  |2 rdacontenido 
337 |a sin mediación  |b n  |2 rdamedio 
338 |a volumen  |b nc  |2 rdasoporte 
440 0 |a (D.G.P.E. ;  |v no. 6) 
649 |a XX 
650 |a Estadísticas educativas 
650 |a Sistema educativo 
650 |a Población escolar 
650 |a Matrícula 
910 |a Fondo Centro de Estudios Educativos 
920 |a Impresos - Libros 
930 |a Fondos Especiales 
905 |a 133 
901 |a ALE002089  |b IT2  |c CEE  |u 20250521 
901 |a ALE044441  |b IT2  |c CEE  |u 20250521 
902 |a https://opac.biblio.iteso.mx/vufind/Record/000490828